ARRUPE JESUIT UNIVERSITY

CORONAVIRUS -STOP THE SPREAD - CLEAN,DISINFECT,COVER

Antonio Rosmini (Record no. 125647)

MARC details
000 -LEADER
fixed length control field 00404nam a22001337a 4500
008 - FIXED-LENGTH DATA ELEMENTS--GENERAL INFORMATION
fixed length control field 161102b xxu||||| |||| 00| 0 eng d
050 ## - LIBRARY OF CONGRESS CALL NUMBER
Classification number B3646.H646 2014
100 ## - MAIN ENTRY--PERSONAL NAME
Personal name Hill, John Michael
9 (RLIN) 27214
245 ## - TITLE STATEMENT
Title Antonio Rosmini
Remainder of title Persecuted prophet
Statement of responsibility, etc John Michael Hill
260 ## - PUBLICATION, DISTRIBUTION, ETC. (IMPRINT)
Place of publication, distribution, etc Wiltshire
Name of publisher, distributor, etc Gracewing
Date of publication, distribution, etc 2014
300 ## - PHYSICAL DESCRIPTION
Extent xiv, 287p. ;
Dimensions 22cm.
600 ## - SUBJECT ADDED ENTRY--PERSONAL NAME
Personal name Rosmini, Antonio
9 (RLIN) 5850
942 ## - ADDED ENTRY ELEMENTS (KOHA)
Source of classification or shelving scheme Library of Congress Classification
Item type Monograph ( Printed materials)
Holdings
Withdrawn status Lost status Source of classification or shelving scheme Damaged status Not for loan Collection code Home library Current library Shelving location Date acquired Total Checkouts Full call number Barcode Date last seen Price effective from Koha item type
    Library of Congress Classification     Main Collection ARRUPE LIBRARY ARRUPE LIBRARY Main Collection 02/11/2016   B3646.H646 2014 46500009991 02/11/2016 02/11/2016 Monograph ( Printed materials)

 

Arrupe Library. PO Box MP320 Mt Pleasant, Harare, Zimbabwe
263 242 745411|librarian@aju.ac.zw